00674nam a2200229Ia 450000100060000000300090000600800410001504000130005604000130006904100130008210000150009510000290011024500760013924500180021525000110023326000090024426000270025330000590028050000500033965000240038965000310041311908IT-RoPAU130308s9999 xx 000 0 und d aIT-RoPAU cIT-RoPAU aFRANCESE aBange M.P. gCodice Aut. SPICS: 9612 aFaut-Il croire aux fantomes? (La mendiante de Locarno de H. Von Kleist) bSemiologiques a1a ed. aLYON bPresses Universitaires a"37 p. (prefazione: no ; testo: 37 [pagine: 239-275])" aOrganizzazione Testuale Struttura Enunciativa aSAGGI DI SEMIOLOGIA eCodice materia Spics: 3257